|
|
|
|
| LEADER |
02558nam a22005295i 4500 |
| 001 |
978-3-319-14391-0 |
| 003 |
DE-He213 |
| 005 |
20151204174613.0 |
| 007 |
cr nn 008mamaa |
| 008 |
150420s2015 gw | s |||| 0|eng d |
| 020 |
|
|
|a 9783319143910
|9 978-3-319-14391-0
|
| 024 |
7 |
|
|a 10.1007/978-3-319-14391-0
|2 doi
|
| 040 |
|
|
|d GrThAP
|
| 050 |
|
4 |
|a GB1001-1199.8
|
| 072 |
|
7 |
|a RBK
|2 bicssc
|
| 072 |
|
7 |
|a SCI081000
|2 bisacsh
|
| 082 |
0 |
4 |
|a 551.4
|2 23
|
| 245 |
1 |
4 |
|a The Caves of Burnsville Cove, Virginia
|h [electronic resource] :
|b Fifty Years of Exploration and Science /
|c edited by William B. White.
|
| 264 |
|
1 |
|a Cham :
|b Springer International Publishing :
|b Imprint: Springer,
|c 2015.
|
| 300 |
|
|
|a XII, 479 p. 498 illus., 412 illus. in color.
|b online resource.
|
| 336 |
|
|
|a text
|b txt
|2 rdacontent
|
| 337 |
|
|
|a computer
|b c
|2 rdamedia
|
| 338 |
|
|
|a online resource
|b cr
|2 rdacarrier
|
| 347 |
|
|
|a text file
|b PDF
|2 rda
|
| 490 |
1 |
|
|a Cave and Karst Systems of the World,
|x 2364-4591
|
| 505 |
0 |
|
|a Burnsville Cove -- The Discovery and Exploration of the Butler Cave-Sinking Creek System -- BCCS: The Organization -- Exploration of the Outlet Caves -- The Discovery and Initial Exploration of the Chestnut Ridge Cave System -- The Bobcat Camps.
|
| 520 |
|
|
|a This book highlights some of the most difficult and persistent exploration ever undertaken in the United States – in Burnsville Cove, a small limestone valley in west-central Virginia – while at the same time reviewing the scientific discoveries made in the area’s 116 km of caves in the course of 50 years. Overall, the book offers a unique combination of exploration and science by a conservation organization specifically dedicated to the preservation and study of the caves.
|
| 650 |
|
0 |
|a Earth sciences.
|
| 650 |
|
0 |
|a Hydrogeology.
|
| 650 |
|
0 |
|a Physical geography.
|
| 650 |
|
0 |
|a Nature.
|
| 650 |
|
0 |
|a Environment.
|
| 650 |
|
0 |
|a Geoecology.
|
| 650 |
|
0 |
|a Environmental geology.
|
| 650 |
1 |
4 |
|a Earth Sciences.
|
| 650 |
2 |
4 |
|a Hydrogeology.
|
| 650 |
2 |
4 |
|a Physical Geography.
|
| 650 |
2 |
4 |
|a Geoecology/Natural Processes.
|
| 650 |
2 |
4 |
|a Popular Science in Nature and Environment.
|
| 700 |
1 |
|
|a White, William B.
|e editor.
|
| 710 |
2 |
|
|a SpringerLink (Online service)
|
| 773 |
0 |
|
|t Springer eBooks
|
| 776 |
0 |
8 |
|i Printed edition:
|z 9783319143903
|
| 830 |
|
0 |
|a Cave and Karst Systems of the World,
|x 2364-4591
|
| 856 |
4 |
0 |
|u http://dx.doi.org/10.1007/978-3-319-14391-0
|z Full Text via HEAL-Link
|
| 912 |
|
|
|a ZDB-2-EES
|
| 950 |
|
|
|a Earth and Environmental Science (Springer-11646)
|